How to write dissertations & project reports / (Record no. 593036)

000 -LEADER
fixed length control field 01381cam a2200301 a 4500
001 - CONTROL NUMBER
control field 16618522
003 - CONTROL NUMBER IDENTIFIER
control field NUST
005 - DATE AND TIME OF LATEST TRANSACTION
control field 20230127131059.0
008 - FIXED-LENGTH DATA ELEMENTS--GENERAL INFORMATION
fixed length control field 110121s2011 enka b 001 0 eng
010 ## - LIBRARY OF CONGRESS CONTROL NUMBER
LC control number 2011001778
020 ## - INTERNATIONAL STANDARD BOOK NUMBER
International Standard Book Number 9780273743835 (pbk. : alk. paper)
040 ## - CATALOGING SOURCE
Original cataloging agency DLC
Transcribing agency DLC
Modifying agency DLC
042 ## - AUTHENTICATION CODE
Authentication code pcc
050 00 - LIBRARY OF CONGRESS CALL NUMBER
Classification number LB1047.3
Item number M45 2011
082 00 - DEWEY DECIMAL CLASSIFICATION NUMBER
Classification number 808.02,MCM
Edition number 22
100 1# - MAIN ENTRY--PERSONAL NAME
Personal name McMillan, Kathleen.
9 (RLIN) 107923
245 10 - TITLE STATEMENT
Title How to write dissertations & project reports /
Statement of responsibility, etc. Kathleen McMillan & Jonathan Weyers.
250 ## - EDITION STATEMENT
Edition statement 2nd ed.
260 ## - PUBLICATION, DISTRIBUTION, ETC.
Place of publication, distribution, etc. Harlow, England ;
-- New York :
Name of publisher, distributor, etc. Prentice Hall,
Date of publication, distribution, etc. c2011.
300 ## - PHYSICAL DESCRIPTION
Extent xii, 288 p. :
Other physical details col. ill. ;
Dimensions 22 cm.
505 ## - FORMATTED CONTENTS NOTE
Formatted contents note Introduction (Page-3), Planning your research (Page-21), Finding and Filtering information (Page-61), Applying research techniques (Page-109), Working with data and numbers (Page-157), Addressing issues of plagiarism, referencing and ethics (Page-185), Writing a first draft (Page-221), Editing, revising and presenting (Page-249), References and further reading glossary (Page-280).
650 #0 - SUBJECT ADDED ENTRY--TOPICAL TERM
Topical term or geographic name entry element Report writing.
9 (RLIN) 3246
650 #0 - SUBJECT ADDED ENTRY--TOPICAL TERM
Topical term or geographic name entry element Dissertations, Academic.
9 (RLIN) 3658
700 1# - ADDED ENTRY--PERSONAL NAME
Personal name Weyers, Jonathan D. B.
9 (RLIN) 107924
906 ## - LOCAL DATA ELEMENT F, LDF (RLIN)
a 7
b cbc
c orignew
d 1
e ecip
f 20
g y-gencatlg
942 ## - ADDED ENTRY ELEMENTS (KOHA)
Source of classification or shelving scheme
Koha item type Book
Call number prefix 808.02,MCM
Holdings
Withdrawn status Lost status Source of classification or shelving scheme Damaged status Not for loan Permanent Location Current Location Shelving location Date acquired Total Checkouts Full call number Barcode Date last seen Price effective from Koha item type Public note
          Military College of Signals (MCS) Military College of Signals (MCS) General Stacks 01/27/2023   808.02,MCM MCS37744 01/27/2023 01/27/2023 Book Almirah No. 56, Shelf No. 1
© 2023 Central Library, National University of Sciences and Technology. All Rights Reserved.